| 000 | 00528nam a2200217Ia 4500 | ||
|---|---|---|---|
| 008 | 161112s9999 xx 000 0 und d | ||
| 020 | _a0-600-61261-9 | ||
| 050 | _aCUL TX 951 | ||
| 050 | _b.C37 2005 | ||
| 100 | _aCastellon, Fernando. | ||
| 245 | 0 | _aLarousse cocktails / | |
| 245 | 0 | _cFernando Castellon. | |
| 260 | _aGreat Britain : | ||
| 260 | _bHamlyn, | ||
| 260 | _c2005 | ||
| 300 | _a351 pages : | ||
| 300 | _bcolor illustrations ; | ||
| 300 | _c27 cm. | ||
| 500 | _aIncludes index. | ||
| 650 | _aCocktails. | ||
| 999 |
_c305230 _d305230 |
||